[Event "II Open Internacional Hotel Murta Xativa (Event Code: 141022)"]
[Site "Hotel Murta"]
[Date "2016.08.23"]
[Round "2"]
[Board "10"]
[White "Nieves Cabanes, Jose Manuel"]
[Black "Gomar Juan, Miguel"]
[Result "1-0"]
[WhiteElo "2227"]
[BlackElo "1894"]
[PlyCount "107"]
[EventDate "2016.08.22"]
[EventRounds "9"]
[EventCountry "ESP"]

1. d4 Nf6 2. c4 e6 3. Nf3 d5 4. Nc3 c6 5. Bg5 Nbd7 6. e3 Be7 7. Qc2 O-O 8. Rd1
Re8 9. a3 Nf8 10. Bd3 dxc4 11. Bxc4 Nd5 12. Bxe7 Qxe7 13. Ne4 Ng6 14. O-O e5
15. Nxe5 Nxe5 16. dxe5 Qxe5 17. Bxd5 cxd5 18. Nc3 Be6 19. Rd4 Rac8 20. Qa4 a6
21. Rfd1 h6 22. h3 Qg5 23. h4 Qe5 24. Qa5 Qf6 25. Nxd5 Bxd5 26. Qxd5 b5 27. g3
Rc2 28. Rf4 Qe6 29. Qxe6 Rxe6 30. Rd8+ Kh7 31. Rxf7 Rxb2 32. h5 Re5 33. Rdd7
Rg5 34. Ra7 Ra2 35. Rxa6 Rxh5 36. Rf4 Rc5 37. a4 Rxa4 38. Raxa4 bxa4 39. Rxa4
Kg6 40. Ra6+ Kf5 41. Kg2 h5 42. Ra8 g5 43. Rf8+ Kg6 44. Kf3 Kg7 45. Ra8 Rf5+
46. Ke2 Rb5 47. Ra7+ Kg6 48. Ra6+ Kf5 49. Rh6 Rb2+ 50. Kf1 Kg4 51. Kg2 Re2 52.
Rf6 h4 53. gxh4 Kxh4 54. Kf3 1-0

[Event "II Open Internacional Hotel Murta Xativa (Event Code: 141022)"]
[Site "Hotel Murta"]
[Date "2016.08.23"]
[Round "2"]
[Board "11"]
[White "Nieves Cabanes, Javier"]
[Black "Martinez Lopez, Jose Luis"]
[Result "1-0"]
[WhiteElo "2215"]
[BlackElo "1631"]
[PlyCount "109"]
[EventDate "2016.08.22"]
[EventRounds "9"]
[EventCountry "ESP"]

1. e4 c5 2. Nc3 d6 3. f4 Nc6 4. Nf3 g6 5. Bb5 Bd7 6. O-O Bg7 7. d3 a6 8. Bxc6
Bxc6 9. Qe1 Nf6 10. e5 Nd5 11. Ne4 Nb4 12. Qe2 Bxe4 13. Qxe4 d5 14. Qe2 O-O 15.
c3 Nc6 16. Qf2 d4 17. c4 e6 18. Bd2 Rb8 19. Ng5 h6 20. Ne4 b6 21. Qf3 Rc8 22.
Rae1 Ne7 23. Qh3 Nf5 24. g4 Ne3 25. Bxe3 dxe3 26. Qxe3 Qd7 27. g5 h5 28. Nd6
Rc7 29. Rd1 Qc6 30. d4 cxd4 31. Rxd4 Rd8 32. Rfd1 Rcd7 33. Ne4 Rxd4 34. Rxd4
Rxd4 35. Qxd4 Bf8 36. a3 a5 37. Kf1 Kg7 38. Ke2 Be7 39. Kd2 Bc5 40. Qd3 Bg1 41.
h3 Bh2 42. Ke3 Bg1+ 43. Kf3 Bc5 44. Qc3 Qb7 45. b4 axb4 46. axb4 Be7 47. c5
bxc5 48. bxc5 Bd8 49. c6 Qb6 50. Nd6 Bc7 51. Ne8+ Kf8 52. Nxc7 Qxc7 53. Qc5+
Kg7 54. Ke4 Qc8 55. Qb6 1-0

[Event "II Open Internacional Hotel Murta Xativa (Event Code: 141022)"]
[Site "Hotel Murta"]
[Date "2016.08.23"]
[Round "2"]
[Board "13"]
[White "Martorell Aubanell, Adria"]
[Black "Magraner Del Val, Alfonso"]
[Result "1-0"]
[WhiteElo "2162"]
[BlackElo "1627"]
[PlyCount "69"]
[EventDate "2016.08.22"]
[EventRounds "9"]
[EventCountry "ESP"]

1. e4 e6 2. Nf3 d5 3. e5 c5 4. b4 Nc6 5. bxc5 Bxc5 6. d4 Bb4+ 7. c3 Ba5 8. Bd3
Nge7 9. O-O O-O 10. Bxh7+ Kxh7 11. Ng5+ Kg8 12. Qh5 Re8 13. Qh7+ Kf8 14. Qh8+
Ng8 15. Nh7+ Ke7 16. Bg5+ Nf6 17. Qxg7 Rg8 18. Bxf6+ Kd7 19. Qxf7+ Ne7 20. Bxe7
Rxg2+ 21. Kxg2 Qxe7 22. Nf6+ Kd8 23. Qxe7+ Kxe7 24. f4 b6 25. Rf3 Ba6 26. Nd2
Rc8 27. Rc1 b5 28. Nb3 Bb6 29. Rg3 Kf7 30. a3 Bd8 31. Nh5 Bb6 32. Rg7+ Kf8 33.
Rh7 Rc4 34. Kf3 Ra4 35. Rg1 1-0

[Event "II Open Internacional Hotel Murta Xativa (Event Code: 141022)"]
[Site "Hotel Murta"]
[Date "2016.08.23"]
[Round "2"]
[Board "14"]
[White "Cortes Marti, Javier"]
[Black "La Orden Garcia, Raquel"]
[Result "1-0"]
[WhiteElo "2082"]
[BlackElo "1611"]
[PlyCount "83"]
[EventDate "2016.08.22"]
[EventRounds "9"]
[EventCountry "ESP"]

1. d4 Nf6 2. c4 g6 3. Nc3 Bg7 4. e4 d6 5. f3 Nbd7 6. Nh3 O-O 7. Be3 c5 8. d5
Re8 9. Qd2 Nf8 10. Nf2 a6 11. Be2 e6 12. a4 exd5 13. cxd5 Qa5 14. O-O N8d7 15.
h3 Nh5 16. Kh2 f5 17. f4 Bxc3 18. bxc3 Nhf6 19. exf5 gxf5 20. Bd3 Nf8 21. c4
Qc7 22. Rae1 Qg7 23. g3 Ng6 24. Rg1 Qh6 25. Kg2 Bd7 26. Qc2 Ne4 27. Bxe4 fxe4
28. f5 Qh5 29. fxg6 Qf3+ 30. Kh2 hxg6 31. a5 Re5 32. g4 Kg7 33. Rg3 Qf6 34.
Nxe4 Qh4 35. Nf2 Rae8 36. Qd2 Rh8 37. Bf4 Rxe1 38. Qxe1 Qf6 39. Bd2 Re8 40. Ne4
Qd8 41. Qa1+ Kf8 42. Qh8+ 1-0

[Event "II Open Internacional Hotel Murta Xativa (Event Code: 141022)"]
[Site "Hotel Murta"]
[Date "2016.08.23"]
[Round "2"]
[Board "15"]
[White "Hernandez Torralba, Jose Joaquin"]
[Black "Borras Cerda, Carlos"]
[Result "1-0"]
[WhiteElo "2023"]
[BlackElo "1452"]
[PlyCount "35"]
[EventDate "2016.08.22"]
[EventRounds "9"]
[EventCountry "ESP"]

1. e4 c6 2. d4 d5 3. exd5 cxd5 4. c4 Nf6 5. Nf3 e6 6. Nc3 Be7 7. Bd3 b6 8. cxd5
exd5 9. O-O O-O 10. Re1 h6 11. Ne5 Bb7 12. Ng4 Nh7 13. Nxh6+ gxh6 14. Bxh6 Re8
15. Qg4+ Bg5 16. Bxh7+ Kxh7 17. Bxg5 f6 18. Qh5+ 1-0

[Event "II Open Internacional Hotel Murta Xativa (Event Code: 141022)"]
[Site "Hotel Murta"]
[Date "2016.08.23"]
[Round "3"]
[Board "1"]
[White "Munoz, Miguel"]
[Black "Garcia Jimenez, Francisco Javier"]
[Result "1/2-1/2"]
[WhiteElo "2451"]
[BlackElo "2251"]
[PlyCount "53"]
[EventDate "2016.08.22"]
[EventRounds "9"]
[EventCountry "ESP"]

1. e4 e5 2. d4 exd4 3. Qxd4 Nc6 4. Qe3 Nf6 5. Bd2 Bb4 6. Nc3 O-O 7. O-O-O Re8
8. Bc4 Na5 9. Be2 Nc6 10. Bc4 Na5 11. Bf1 Nc6 12. Qg3 Rxe4 13. Bg5 Bxc3 14.
Qxc3 h6 15. Bxf6 Qxf6 16. Qxf6 gxf6 17. Ne2 d6 18. Nc3 Rf4 19. Rd2 Be6 20. g3
Rd4 21. Bd3 a6 22. f4 f5 23. a3 b5 24. Ne2 Rd5 25. b3 b4 26. a4 Na5 27. Re1
 1/2-1/2

[Event "II Open Internacional Hotel Murta Xativa (Event Code: 141022)"]
[Site "Hotel Murta"]
[Date "2016.08.23"]
[Round "3"]
[Board "2"]
[White "Gomez Jurado, Luis Alberto"]
[Black "Cruz Lledo, Pablo"]
[Result "0-1"]
[WhiteElo "2266"]
[BlackElo "2414"]
[PlyCount "90"]
[EventDate "2016.08.22"]
[EventRounds "9"]
[EventCountry "ESP"]

1. c4 c6 2. Nf3 d5 3. g3 Nf6 4. Bg2 dxc4 5. O-O Nbd7 6. Na3 Nb6 7. Qc2 Be6 8.
Ng5 Qd7 9. Nxe6 Qxe6 10. e4 g6 11. b3 cxb3 12. axb3 Bg7 13. Bb2 O-O 14. Nc4
Rfd8 15. Na5 Qc8 16. b4 Ne8 17. Rfc1 e5 18. Bf1 Nd6 19. Ra3 Qe6 20. Rd3 Qe7 21.
Ba3 Nb5 22. Rxd8+ Rxd8 23. Bxb5 cxb5 24. Qc5 Qd7 25. Qc7 Qxc7 26. Rxc7 Rxd2 27.
Kg2 Rd7 28. Rxd7 Nxd7 29. Nxb7 Bf8 30. f4 Nb6 31. Nc5 Nc4 32. Bc1 a5 33. fxe5
Bxc5 34. bxc5 Nxe5 35. Bf4 Nc6 36. Kf3 f6 37. Ke2 Kf7 38. Kd3 Ke6 39. Kc3 f5
40. exf5+ gxf5 41. Be3 Kd5 42. Kb3 a4+ 43. Ka3 Kc4 44. h3 h5 45. Bf2 b4+ 0-1

[Event "II Open Internacional Hotel Murta Xativa (Event Code: 141022)"]
[Site "Hotel Murta"]
[Date "2016.08.23"]
[Round "3"]
[Board "3"]
[White "Fenollar Jorda, Manuel"]
[Black "Nieves Cabanes, Jose Manuel"]
[Result "1-0"]
[WhiteElo "2338"]
[BlackElo "2227"]
[PlyCount "105"]
[EventDate "2016.08.22"]
[EventRounds "9"]
[EventCountry "ESP"]

1. d4 Nf6 2. Nf3 e6 3. e3 c5 4. Bd3 b6 5. Nbd2 Bb7 6. O-O Be7 7. c3 d5 8. Ne5
O-O 9. f4 Ne4 10. Nxe4 dxe4 11. Bc4 Nd7 12. Nxd7 Qxd7 13. dxc5 Qc7 14. b4 bxc5
15. b5 a6 16. Qe2 Qa5 17. Bb2 Bf6 18. a4 Bxc3 19. Bxc3 Qxc3 20. bxa6 Bd5 21.
Bb5 Rfc8 22. Rac1 Qf6 23. Qd2 g6 24. Qc3 Kg7 25. Kf2 c4 26. Ke2 Qxc3 27. Rxc3
f5 28. Rfc1 Kf6 29. g3 h6 30. h4 Ra7 31. Bxc4 Bxc4+ 32. Rxc4 Rxc4 33. Rxc4 Rxa6
34. Kd2 g5 35. Kc3 gxh4 36. gxh4 e5 37. fxe5+ Kxe5 38. Rc5+ Kf6 39. a5 Rd6 40.
Kb4 Rd3 41. Rc3 Rd8 42. Rc6+ Ke5 43. Rxh6 Rd1 44. a6 Ra1 45. Kb5 Ra3 46. Rh8
Rb3+ 47. Ka4 Rxe3 48. a7 Re1 49. a8=Q Ra1+ 50. Kb3 Rxa8 51. Rxa8 Kd4 52. h5 f4
53. h6 1-0

[Event "II Open Internacional Hotel Murta Xativa (Event Code: 141022)"]
[Site "Hotel Murta"]
[Date "2016.08.23"]
[Round "3"]
[Board "4"]
[White "Bas Mas, Miguel"]
[Black "Castella Garcia, Fausto"]
[Result "1-0"]
[WhiteElo "2123"]
[BlackElo "2325"]
[PlyCount "105"]
[EventDate "2016.08.22"]
[EventRounds "9"]
[EventCountry "ESP"]

1. e4 c5 2. Nf3 e6 3. d4 cxd4 4. Nxd4 a6 5. Bd3 Nc6 6. Nxc6 dxc6 7. O-O e5 8.
Be3 Nf6 9. h3 Be6 10. a4 a5 11. Qf3 Qc7 12. Nd2 Be7 13. Bc4 Qc8 14. Qg3 Bxc4
15. Nxc4 Qe6 16. Nxe5 Nxe4 17. Qf4 f5 18. Nf3 O-O 19. Qe5 Qxe5 20. Nxe5 f4 21.
Bb6 Ra6 22. Nd7 Rf7 23. Rfe1 Nf6 24. Nxf6+ Bxf6 25. Bc5 g5 26. c3 Ra8 27. Rad1
Kg7 28. Re4 Kg6 29. f3 Kf5 30. Kf2 b6 31. Ba3 Rd8 32. Rxd8 Bxd8 33. Re8 Rd7 34.
Ke2 Rd5 35. b3 b5 36. c4 bxc4 37. bxc4 Rd4 38. Bb2 Rd6 39. Bc3 Bf6 40. Bxa5 Rd4
41. Re4 Rxe4+ 42. fxe4+ Kxe4 43. Bb6 Bc3 44. a5 Bxa5 45. Bxa5 Kd4 46. Bd8 h6
47. Kf3 Kxc4 48. h4 gxh4 49. Bxh4 Kd3 50. Kxf4 Ke2 51. g4 c5 52. Bf6 c4 53. Bg7
 1-0

[Event "II Open Internacional Hotel Murta Xativa (Event Code: 141022)"]
[Site "Hotel Murta"]
[Date "2016.08.23"]
[Round "3"]
[Board "5"]
[White "Kovacevic, Slobodan"]
[Black "Miquel Badenes, Indalecio"]
[Result "1-0"]
[WhiteElo "2303"]
[BlackElo "1863"]
[PlyCount "77"]
[EventDate "2016.08.22"]
[EventRounds "9"]
[EventCountry "ESP"]

1. d4 d5 2. Bf4 Nf6 3. e3 c5 4. c3 e6 5. Nd2 Nc6 6. Ngf3 Bd6 7. Bg3 O-O 8. Bd3
cxd4 9. exd4 Qc7 10. Qe2 Re8 11. Ne5 Nd7 12. Bxh7+ Kf8 13. Nxf7 Kxf7 14. Qh5+
Ke7 15. Qg5+ Kf8 16. Bg6 Nf6 17. Bxe8 Nxe8 18. Nf3 Qf7 19. O-O Be7 20. Qe3 Nd6
21. Rfe1 Ne4 22. Qd3 Ng5 23. Re3 Kg8 24. Nxg5 Bxg5 25. Rf3 Qh5 26. Re1 Bd7 27.
Bd6 Bh6 28. Qd1 Qg5 29. Bf4 Qh4 30. Bxh6 Qxh6 31. Rh3 Qg6 32. Rg3 Qf5 33. Qb3
Rf8 34. Rf3 Qg5 35. Rxf8+ Kxf8 36. f4 Qf5 37. Qxb7 Ke7 38. Rf1 Na5 39. Qb4+ 1-0

[Event "II Open Internacional Hotel Murta Xativa (Event Code: 141022)"]
[Site "Hotel Murta"]
[Date "2016.08.23"]
[Round "3"]
[Board "6"]
[White "Nieves Cabanes, Javier"]
[Black "Montalban Galvez, Antoni"]
[Result "1-0"]
[WhiteElo "2215"]
[BlackElo "2221"]
[PlyCount "81"]
[EventDate "2016.08.22"]
[EventRounds "9"]
[EventCountry "ESP"]

1. e4 c5 2. Nc3 a6 3. g3 Nc6 4. Bg2 g6 5. d3 Bg7 6. Be3 d6 7. Qd2 h5 8. h3 Nf6
9. Nge2 Bd7 10. f4 Rc8 11. Nd1 b5 12. c3 b4 13. Bf2 Bh6 14. Ne3 e5 15. O-O h4
16. Nc4 Be6 17. Be3 Bxc4 18. dxc4 bxc3 19. bxc3 Nh5 20. Rad1 hxg3 21. f5 Bxe3+
22. Qxe3 g5 23. Nxg3 Nf4 24. Nh1 g4 25. Nf2 g3 26. Ng4 Qh4 27. Rxf4 exf4 28.
Qxf4 Ne5 29. Rxd6 Nxg4 30. Qxg4 Qxg4 31. hxg4 Ke7 32. e5 Rhd8 33. Rd5 Rb8 34.
Be4 f6 35. Kg2 Rxd5 36. Bxd5 Rb2+ 37. Kxg3 Rxa2 38. g5 fxe5 39. f6+ Kd6 40. g6
Ra1 41. g7 1-0

[Event "II Open Internacional Hotel Murta Xativa (Event Code: 141022)"]
[Site "Hotel Murta"]
[Date "2016.08.23"]
[Round "3"]
[Board "7"]
[White "Ballester Llagaria, Luis Eduardo"]
[Black "Sanz Garcia, Roberto"]
[Result "1-0"]
[WhiteElo "2299"]
[BlackElo "1931"]
[PlyCount "51"]
[EventDate "2016.08.22"]
[EventRounds "9"]
[EventCountry "ESP"]

1. e4 c5 2. Nf3 d6 3. d4 cxd4 4. Nxd4 Nf6 5. Nc3 a6 6. Be3 e5 7. Nb3 Be6 8. f3
Qc7 9. Qd2 Nbd7 10. g4 h6 11. h4 O-O-O 12. O-O-O Be7 13. Kb1 Nc5 14. Nd5 Bxd5
15. exd5 e4 16. g5 hxg5 17. Bh3+ g4 18. fxg4 Kb8 19. g5 Nfd7 20. Bxd7 Qxd7 21.
Nxc5 dxc5 22. d6 Qc6 23. Bf4 Kc8 24. Qh2 Qd7 25. dxe7 Qxe7 26. Qh3+ 1-0

[Event "II Open Internacional Hotel Murta Xativa (Event Code: 141022)"]
[Site "Hotel Murta"]
[Date "2016.08.23"]
[Round "3"]
[Board "8"]
[White "Reig Albero, Ferran"]
[Black "Garcia Amoros, Pablo"]
[Result "1/2-1/2"]
[WhiteElo "1993"]
[BlackElo "2175"]
[PlyCount "76"]
[EventDate "2016.08.22"]
[EventRounds "9"]
[EventCountry "ESP"]

1. e4 c5 2. Nf3 d6 3. d4 cxd4 4. Nxd4 Nf6 5. Nc3 a6 6. Be3 e5 7. Nb3 Be6 8. f3
Nbd7 9. Qd2 b5 10. O-O-O Rc8 11. Kb1 Be7 12. g4 Nb6 13. Qf2 Nfd7 14. Nd5 Bxd5
15. exd5 Nc4 16. f4 Qc7 17. Bd3 g6 18. g5 Nxe3 19. Qxe3 exf4 20. Qxf4 Ne5 21.
Nd4 Bf8 22. Qf6 Rg8 23. Nxb5 Qb8 24. Rde1 axb5 25. Rhf1 Rc7 26. a4 bxa4 27.
Rxe5+ dxe5 28. d6 Bxd6 29. Qxd6 Rb7 30. Qa3 Rb4 31. c3 Rf4 32. Rxf4 exf4 33.
Qc5 Kd8 34. Qd5+ Ke7 35. Bc4 Rg7 36. Qc5+ Qd6 37. Qa7+ Qd7 38. Qc5+ Qd6 1/2-1/2

[Event "II Open Internacional Hotel Murta Xativa (Event Code: 141022)"]
[Site "Hotel Murta"]
[Date "2016.08.23"]
[Round "3"]
[Board "9"]
[White "Martorell Aubanell, Adria"]
[Black "Galvan Cipriani, Viviana"]
[Result "1-0"]
[WhiteElo "2162"]
[BlackElo "1662"]
[PlyCount "39"]
[EventDate "2016.08.22"]
[EventRounds "9"]
[EventCountry "ESP"]

1. e4 c5 2. Nf3 Nc6 3. Bb5 g6 4. O-O Bg7 5. Re1 Nh6 6. c3 f6 7. d4 cxd4 8. cxd4
Nf7 9. Nc3 O-O 10. Be3 a6 11. Bf1 d6 12. h3 e5 13. dxe5 dxe5 14. Nd5 b5 15. Rc1
Nd4 16. Nxd4 exd4 17. Bxd4 Ng5 18. Bb6 Qd7 19. Rxc8 Qe6 20. Rxa8 1-0

[Event "II Open Internacional Hotel Murta Xativa (Event Code: 141022)"]
[Site "Hotel Murta"]
[Date "2016.08.23"]
[Round "3"]
[Board "10"]
[White "Gonzalvez Tamarit, Ruben"]
[Black "Cortes Marti, Javier"]
[Result "1/2-1/2"]
[WhiteElo "1974"]
[BlackElo "2082"]
[PlyCount "39"]
[EventDate "2016.08.22"]
[EventRounds "9"]
[EventCountry "ESP"]

1. e4 e5 2. Nf3 Nc6 3. d4 exd4 4. Bc4 Bc5 5. c3 d6 6. cxd4 Bb4+ 7. Bd2 Bxd2+ 8.
Nbxd2 Nf6 9. h3 O-O 10. O-O d5 11. exd5 Nxd5 12. Nb3 Nce7 13. Qd2 c6 14. Rac1
Qd6 15. Rfe1 Qf6 16. Ne5 Ng6 17. Bxd5 cxd5 18. Rc7 Nf4 19. Re3 Qd6 20. Rc1
 1/2-1/2

[Event "II Open Internacional Hotel Murta Xativa (Event Code: 141022)"]
[Site "Hotel Murta"]
[Date "2016.08.23"]
[Round "3"]
[Board "11"]
[White "Roca Cruz, Rafael"]
[Black "Apolo Sanchez, Manuel"]
[Result "0-1"]
[WhiteElo "1882"]
[BlackElo "1997"]
[PlyCount "67"]
[EventDate "2016.08.22"]
[EventRounds "9"]
[EventCountry "ESP"]

1. d4 f5 2. e4 fxe4 3. Nc3 Nf6 4. Bg5 Nc6 5. d5 Ne5 6. Qd4 Nf7 7. Bxf6 exf6 8.
Nxe4 Be7 9. O-O-O f5 10. d6 cxd6 11. Qxg7 fxe4 12. Bc4 Rf8 13. Re1 Qa5 14. Nh3
Ng5 15. f4 Ne6 16. Qxh7 Qf5 17. Qxf5 Rxf5 18. g4 Rc5 19. Bxe6 dxe6 20. Rxe4 e5
21. f5 b6 22. Rg1 Kf7 23. Rf1 Bb7 24. Re3 Rh8 25. f6 Bg2 26. Ng5+ Kg6 27. fxe7
Bxf1 28. Ne6 Rcc8 29. Rf3 Bc4 30. Nf8+ Kg7 31. b3 Bf7 32. h3 Re8 33. Nd7 Rxe7
34. Nf6 0-1

[Event "II Open Internacional Hotel Murta Xativa (Event Code: 141022)"]
[Site "Hotel Murta"]
[Date "2016.08.23"]
[Round "3"]
[Board "12"]
[White "Ibanez Aullana, Ramon"]
[Black "Hernandez Torralba, Jose Joaquin"]
[Result "1-0"]
[WhiteElo "2249"]
[BlackElo "2023"]
[PlyCount "53"]
[EventDate "2016.08.22"]
[EventRounds "9"]
[EventCountry "ESP"]

1. d4 Nf6 2. c4 g6 3. Nc3 d5 4. Bf4 Bg7 5. Rc1 O-O 6. e3 c6 7. Nf3 Nbd7 8. cxd5
Nxd5 9. Nxd5 cxd5 10. Bc7 Qe8 11. Bb5 a6 12. Qa4 Rb8 13. Bxb8 axb5 14. Qa7 f6
15. O-O e5 16. Bd6 Rf7 17. Rc7 Nf8 18. Rfc1 Rxc7 19. Rxc7 Ne6 20. Rc1 e4 21.
Nd2 f5 22. Qb8 Bd7 23. Qxb7 f4 24. Qxd5 fxe3 25. fxe3 Bh6 26. Nf1 Qd8 27. Rc7
 1-0

[Event "II Open Internacional Hotel Murta Xativa (Event Code: 141022)"]
[Site "Hotel Murta"]
[Date "2016.08.23"]
[Round "3"]
[Board "13"]
[White "Crespo Calatayud, Santiago"]
[Black "Uran Bermudez, Oliver Kevin"]
[Result "0-1"]
[WhiteElo "1797"]
[BlackElo "2104"]
[PlyCount "128"]
[EventDate "2016.08.22"]
[EventRounds "9"]
[EventCountry "ESP"]

1. Nf3 c5 2. c4 e6 3. d4 cxd4 4. Nxd4 Nc6 5. Nb5 d6 6. e4 a6 7. Nd4 Nf6 8. Nc3
Qa5 9. Nxc6 bxc6 10. Bd3 Rb8 11. O-O Be7 12. Qa4 Qxa4 13. Nxa4 Nd7 14. b3 Bf6
15. Rb1 Ne5 16. Bc2 c5 17. Bb2 Bd7 18. Nc3 Nc6 19. Ne2 Nb4 20. Bxf6 gxf6 21.
Rb2 Ke7 22. Bb1 Rhg8 23. f3 Nc6 24. Rd2 Ne5 25. Kh1 Bc6 26. Rfd1 Rbd8 27. Ng3
Ng6 28. Ne2 h5 29. Nc3 h4 30. h3 Ne5 31. Bd3 Rg7 32. Rf2 Rdg8 33. Bc2 Kd7 34.
Bd3 Kc7 35. Be2 Ra8 36. Bf1 Ng6 37. Kh2 Nf4 38. Ne2 Nh5 39. Nc3 Ng3 40. Bd3 Nh5
41. Bf1 Rd8 42. Rb2 a5 43. a4 Nf4 44. Nb5+ Bxb5 45. axb5 Rgg8 46. Rbd2 Rd7 47.
Ra1 Kb6 48. Rad1 Rgd8 49. Kg1 Nh5 50. Kf2 Ng3 51. Bd3 d5 52. exd5 exd5 53. Bc2
d4 54. Re1 Rd6 55. Be4 Re6 56. Bd5 Rxe1 57. Kxe1 Re8+ 58. Kf2 Re3 59. Rd1 Rxb3
60. Bxf7 a4 61. Bg6 Rb2+ 62. Kg1 a3 63. Kh2 f5 64. Rd3 Rb1 0-1

[Event "II Open Internacional Hotel Murta Xativa (Event Code: 141022)"]
[Site "Hotel Murta"]
[Date "2016.08.23"]
[Round "3"]
[Board "14"]
[White "Gomez Ferrer, Jesus"]
[Black "Morant Gomar, Sergio"]
[Result "1/2-1/2"]
[WhiteElo "2081"]
[BlackElo "1680"]
[PlyCount "174"]
[EventDate "2016.08.22"]
[EventRounds "9"]
[EventCountry "ESP"]

1. e4 c5 2. Nf3 Nc6 3. Bb5 Qc7 4. O-O a6 5. Bxc6 Qxc6 6. d4 cxd4 7. Qxd4 d6 8.
Nc3 Bg4 9. Ne1 Rc8 10. Nd3 h6 11. e5 Be6 12. Bf4 dxe5 13. Bxe5 Nf6 14. Rfe1 Rd8
15. Qh4 g5 16. Qb4 b6 17. Rad1 Bg7 18. Bxf6 Bxf6 19. Ne4 Bg7 20. Nc3 Qd6 21.
Qa4+ b5 22. Qa5 Bxc3 23. Qxc3 O-O 24. Re3 Rc8 25. Qe1 Rfd8 26. c3 Rc7 27. Ra1
Bf5 28. Ne5 Qd2 29. Nf3 Qxe1+ 30. Raxe1 e6 31. Nd4 Bg6 32. a3 Rd5 33. h3 Rcd7
34. Kh2 a5 35. Nc6 Rd2 36. R3e2 b4 37. axb4 axb4 38. Nxb4 Kf8 39. Nc6 R7d6 40.
Nd4 Rd3 41. b4 Rb6 42. Re3 Rxd4 43. cxd4 Rxb4 44. Rd1 Rb5 45. Rd2 Rd5 46. Re5
Rd7 47. g4 Kg7 48. Kg3 Ra7 49. Re3 Ra1 50. Kg2 Ra5 51. Rc3 Rd5 52. Rc5 Rd7 53.
Kg3 Ra7 54. Re5 Ra1 55. Re3 Rg1+ 56. Kf3 Ra1 57. d5 exd5 58. Rxd5 Ra8 59. Ke2
Ra2+ 60. Rd2 Ra8 61. Rb2 Rc8 62. Kd2 Rd8+ 63. Kc3 Kf8 64. Rb4 Kg7 65. f4 gxf4
66. Rxf4 Kf8 67. Kc4 Rc8+ 68. Kd5 Rd8+ 69. Kc6 Ra8 70. h4 Rb8 71. Ref3 Re8 72.
h5 Be4+ 73. Kd6 Bxf3 74. Rxf3 Re6+ 75. Kd5 Kg7 76. Rf5 Ra6 77. Ke4 Ra4+ 78. Kf3
Ra3+ 79. Kf4 Ra4+ 80. Kg3 Ra3+ 81. Rf3 Ra4 82. Re3 Rb4 83. Kf3 Ra4 84. Re4 Ra6
85. Re5 Ra3+ 86. Kf4 Ra4+ 87. Re4 Ra5 1/2-1/2

[Event "II Open Internacional Hotel Murta Xativa (Event Code: 141022)"]
[Site "Hotel Murta"]
[Date "2016.08.23"]
[Round "3"]
[Board "15"]
[White "Garcia Martin, Javier Antonio"]
[Black "Hompanera Lopez, Enrique"]
[Result "0-1"]
[WhiteElo "1741"]
[BlackElo "2044"]
[PlyCount "82"]
[EventDate "2016.08.22"]
[EventRounds "9"]
[EventCountry "ESP"]

1. Nf3 e6 2. g3 Nf6 3. Bg2 d5 4. O-O Be7 5. d3 O-O 6. Nbd2 c5 7. e4 Nc6 8. Re1
b5 9. e5 Nd7 10. Nf1 a5 11. h4 Qc7 12. Bf4 b4 13. N1h2 a4 14. Ng4 a3 15. b3 Qb6
16. h5 f6 17. Qd2 fxe5 18. Ngxe5 Bf6 19. g4 Ra7 20. g5 Ndxe5 21. Nxe5 Bxe5 22.
Bxe5 Nxe5 23. Rxe5 Raf7 24. Rf1 Rf4 25. Qe2 Qd6 26. Bh3 Rh4 27. Bg2 Rf5 28. f4
Rfxf4 29. Rxf4 Rxf4 30. Bh3 Rh4 31. Kg2 Bd7 32. Kg3 Rxh5 33. Qxh5 Qxe5+ 34. Kg2
h6 35. Qg6 Qxg5+ 36. Qxg5 hxg5 37. Kf3 Kf7 38. Ke3 Kf6 39. d4 c4 40. bxc4 dxc4
41. d5 b3 0-1

[Event "II Open Internacional Hotel Murta Xativa (Event Code: 141022)"]
[Site "Hotel Murta"]
[Date "2016.08.24"]
[Round "4"]
[Board "1"]
[White "Cruz Lledo, Pablo"]
[Black "Kovacevic, Slobodan"]
[Result "1/2-1/2"]
[WhiteElo "2414"]
[BlackElo "2303"]
[PlyCount "95"]
[EventDate "2016.08.22"]
[EventRounds "9"]
[EventCountry "ESP"]

1. d4 Nf6 2. c4 e6 3. Nc3 c5 4. d5 exd5 5. cxd5 d6 6. e4 g6 7. Nge2 Bg7 8. Ng3
a6 9. a4 Nbd7 10. Be2 h5 11. O-O Nh7 12. Be3 O-O 13. Qd2 Re8 14. f3 h4 15. Nh1
Ne5 16. Nf2 f5 17. Kh1 Bd7 18. Rg1 Kh8 19. g4 fxe4 20. Nfxe4 Nf7 21. Rae1 Rb8
22. Bf4 Qe7 23. Bd1 Qf8 24. Qf2 g5 25. Be3 b5 26. axb5 axb5 27. b4 cxb4 28. Nb1
Qe7 29. Qd2 Rbc8 30. Bd4 Ne5 31. Be2 b3 32. Qb4 Nf7 33. Bxg7+ Kxg7 34. Qxb3 Qe5
35. Nbc3 Qf4 36. Nxb5 Bxb5 37. Bxb5 Re5 38. Bd7 Rc7 39. Be6 Nf6 40. Qd3 Nxd5
41. Bxf7 Rxf7 42. Rgf1 Rfe7 43. Qd4 Nf6 44. Qxd6 Nxe4 45. fxe4 Qxg4 46. Qf6+
Kh7 47. Rg1 Qh5 48. Re3 1/2-1/2

[Event "II Open Internacional Hotel Murta Xativa (Event Code: 141022)"]
[Site "Hotel Murta"]
[Date "2016.08.24"]
[Round "4"]
[Board "2"]
[White "Bas Mas, Miguel"]
[Black "Fenollar Jorda, Manuel"]
[Result "1-0"]
[WhiteElo "2123"]
[BlackElo "2338"]
[PlyCount "105"]
[EventDate "2016.08.22"]
[EventRounds "9"]
[EventCountry "ESP"]

1. e4 e5 2. Nf3 Nc6 3. Bb5 a6 4. Ba4 Nf6 5. O-O b5 6. Bb3 Be7 7. d3 d6 8. a3
O-O 9. Nc3 Na5 10. Ba2 c5 11. Ne2 Be6 12. Bxe6 fxe6 13. Ng3 Nc6 14. Re1 Qd7 15.
c3 Rae8 16. h3 Bd8 17. d4 exd4 18. cxd4 e5 19. dxc5 dxc5 20. Be3 Nd4 21. Bxd4
cxd4 22. Qb3+ Qe6 23. Qxe6+ Rxe6 24. Rec1 Nd7 25. Ne1 Bg5 26. Rc2 Nb6 27. b3
Rc8 28. Rxc8+ Nxc8 29. Nd3 a5 30. a4 b4 31. Ra2 Rc6 32. Nxe5 Rc1+ 33. Kh2 Bf4
34. Nd3 Bxg3+ 35. Kxg3 Rc3 36. Rd2 Ne7 37. Kf4 Ng6+ 38. Kf5 Rxb3 39. e5 Ra3 40.
Nb2 Nh4+ 41. Ke6 Nxg2 42. Rxd4 h5 43. Kd7 Ra1 44. e6 Re1 45. f3 Re2 46. Nd3 Re3
47. f4 Nh4 48. Ne5 Nf5 49. Rd5 b3 50. Nc4 Re4 51. Rxf5 Rd4+ 52. Nd6 b2 53. e7
 1-0

[Event "II Open Internacional Hotel Murta Xativa (Event Code: 141022)"]
[Site "Hotel Murta"]
[Date "2016.08.24"]
[Round "4"]
[Board "3"]
[White "Apolo Sanchez, Manuel"]
[Black "Munoz, Miguel"]
[Result "0-1"]
[WhiteElo "1997"]
[BlackElo "2451"]
[PlyCount "52"]
[EventDate "2016.08.22"]
[EventRounds "9"]
[EventCountry "ESP"]

1. d4 c5 2. dxc5 e6 3. Nc3 Bxc5 4. Ne4 d5 5. Nxc5 Qa5+ 6. c3 Qxc5 7. e4 dxe4 8.
Qg4 g6 9. Qxe4 Nf6 10. Qh4 Qf5 11. Bd3 Qe5+ 12. Ne2 Nbd7 13. Bg5 Nd5 14. O-O-O
h6 15. Bd2 g5 16. Qh3 Qg7 17. c4 N5f6 18. Bb4 a5 19. Ba3 Ne5 20. Nd4 Bd7 21.
Bd6 Nfg4 22. Qg3 f5 23. Bxf5 exf5 24. f3 f4 25. Qh3 Ne3 26. Qh5+ Qf7 0-1